Economics of Islam : A comparative study

Bibliographic Details
Main Author: Shaikh Mahmud Ahmad
Format: Book
Published: Delhi : Idarah Adabiyat I Delhi , 1980
Subjects:

MARC

LEADER 00000cam a2200000 7i4500
001 0000002036
005 20050627.0
040 |a INS 
090 0 0 |a BP173.75.   |b S526 1980 
100 0 |a Shaikh Mahmud Ahmad 
245 1 0 |a Economics of Islam :   |b A comparative study   |c Shaikh Mahmud Ahmad 
260 |a Delhi :   |b Idarah Adabiyat I Delhi ,   |c 1980 
300 |a 227p ;   |c 22cm. 
650 0 0 |a Islam and economics 
999 |a 0000000472   |b BOOK   |c Open Shelf   |e Default branch